[Event "Ile et Vilaine-chA 0001"]
[Site "Ile et Vilaine"]
[Date "2000.10.21"]
[Round "1"]
[White "Rosenthal, Francois"]
[Black "Villoing, Xavier"]
[Result "1-0"]
[WhiteElo "1410"]
[BlackElo "1009"]
[PlyCount "73"]
[EventDate "2000.10.21"]
[EventType "swiss"]
[EventRounds "7"]
[EventCountry "FRA"]
[SourceTitle "EXT 2007"]
[Source "ChessBase"]
[SourceDate "2006.11.23"]
[SourceVersion "1"]
[SourceVersionDate "2006.11.23"]
[SourceQuality "1"]

1. Nf3 e5 2. Nxe5 d6 3. Nf3 Nc6 4. b3 a6 5. Bb2 Nf6 6. g3 h6 7. Bg2 Be7 8. 0-0 0-0 9. d4 d5 10. Ne5 Nxe5 11. dxe5 Ne4 12. c4 c6 13. Qc2 f6 14. f3 Bc5+ 15. Kh1 Nf2+ 16. Rxf2 Bxf2 17. Nd2 Re8 18. Rf1 Be3 19. f4 Bg4 20. Nf3 Qc8 21. Qg6 fxe5 22. fxe5 Qf5 23. Qd6 Rad8 24. Qc7 Rd7 25. Qa5 d4 26. Nh4 Qc2 27. Ba3 Bxe2 28. Re1 d3 29. Be4 d2 30. Bxc2 d1Q 31. Bxd1 Bxd1 32. Rxe3 Rf8 33. Bxf8 Kxf8 34. e6 Ke7 35. Nf5+ Kf6 36. e7 Rxe7 37. Nxe7 1-0